<?xml version="1.0" encoding="UTF-8"?>
<marc:record xmlns:marc="http://www.loc.gov/MARC21/slim">
   <marc:leader>00000nam a2200000 a 4500</marc:leader>
   <marc:datafield ind1="1" ind2=" " tag="100">
      <marc:subfield code="a">Schuckardt, Jenny</marc:subfield>
      <marc:subfield code="4">aut</marc:subfield>
      <marc:subfield code="e">Verfasser/-in</marc:subfield>
   </marc:datafield>
   <marc:datafield ind1=" " ind2=" " tag="653">
      <marc:subfield code="a">Reiten</marc:subfield>
   </marc:datafield>
   <marc:datafield ind1=" " ind2=" " tag="653">
      <marc:subfield code="a">Pferde</marc:subfield>
   </marc:datafield>
   <marc:datafield ind1=" " ind2=" " tag="653">
      <marc:subfield code="a">Reiterhof</marc:subfield>
   </marc:datafield>
   <marc:datafield ind1=" " ind2=" " tag="653">
      <marc:subfield code="a">Pferdebuch</marc:subfield>
   </marc:datafield>
   <marc:datafield ind1=" " ind2=" " tag="653">
      <marc:subfield code="a">Sternentänzer</marc:subfield>
   </marc:datafield>
   <marc:datafield ind1=" " ind2=" " tag="653">
      <marc:subfield code="a">Mystik</marc:subfield>
   </marc:datafield>
   <marc:datafield ind1=" " ind2=" " tag="653">
      <marc:subfield code="a">Vollmond</marc:subfield>
   </marc:datafield>
   <marc:datafield ind1=" " ind2=" " tag="653">
      <marc:subfield code="a">Magie</marc:subfield>
   </marc:datafield>
   <marc:datafield ind1=" " ind2=" " tag="653">
      <marc:subfield code="a">Softcover / Kinder- und Jugendbücher/Jugendbücher ab 12 Jahre</marc:subfield>
   </marc:datafield>
   <marc:datafield ind1="0" ind2="0" tag="245">
      <marc:subfield code="a">Sternentänzer</marc:subfield>
   </marc:datafield>
   <marc:datafield ind1="0" ind2="0" tag="245">
      <marc:subfield code="c">Jenny Schuckardt</marc:subfield>
   </marc:datafield>
   <marc:datafield ind1=" " ind2="1" tag="264">
      <marc:subfield code="a">Stuttgart</marc:subfield>
      <marc:subfield code="b">Panini</marc:subfield>
   </marc:datafield>
   <marc:datafield ind1="1" ind2=" " tag="520">
      <marc:subfield code="a">Angaben aus der Verlagsmeldung

Sternentänzer Sammelband 4 : (enthält Bd. 7 und Bd. 8) / von Lisa Capelli

Letzter Auftritt des weißen Hengstes?

Auf Reiterhof Lindenhain wird ein Film gedreht. Anfangs findet das Caro gar nicht toll, bis sie und Sternentänzer eine Rolle darin angeboten bekommen. Doch plötzlich verhält sich der weiße Hengst merkwürdig. Caro macht sich große Sorgen. Ist Sternentänzer krank? Oder wird er von jemandem aus dem Filmteam bedroht? Auch Caros beste Freundin Lina ist nicht wieder zu erkennen – und zu Hause geht alles drunter und drüber. Welche Rolle spielen der neue Tierarzt und sein Sohn? Und können sie dabei helfen, Sternentänzer zu retten?

Der unheimliche Pferdehof

Auf Lindenhain könnte alles so schön sein. Sternentänzer ist wieder mit seiner Familie vereint, Caro hat viel Spaß mit Nick und Ferdi – da plötzlich verhält sich Silberstern, Sternentänzers Sohn, merkwürdig. Ständig verschwindet er, und unternimmt nachts heimliche Ausflüge. Als Caro Silberstern eines Abends folgt, beobachtet sie eine wunderschöne Stute. Eine Stute, die ein dunkles Geheimnis verbirgt und die nur Sternentänzer retten kann.
</marc:subfield>
   </marc:datafield>
   <marc:datafield ind1=" " ind2=" " tag="020">
      <marc:subfield code="a">9783833230318</marc:subfield>
      <marc:subfield code="9">9783833230318</marc:subfield>
   </marc:datafield>
   <marc:datafield ind1=" " ind2=" " tag="041">
      <marc:subfield code="a">ger</marc:subfield>
   </marc:datafield>
   <marc:datafield ind1=" " ind2=" " tag="300">
      <marc:subfield code="a">382 S.</marc:subfield>
   </marc:datafield>
</marc:record>
